书目信息 |
| 题名: |
班主任工作技能训练
|
|
| 作者: | 王鹰李鹰曹丞 | |
| 分册: | ||
| 出版信息: | 北京 人民教育出版社 2001 |
|
| 页数: | 365 | |
| 开本: | 19cm | |
| 丛书名: | ||
| 单 册: | ||
| 中图分类: | C4 | |
| 科图分类: | ||
| 主题词: | 社会科学--教育 , 社会科学--普及教育 | |
| 电子资源: | ||
| ISBN: | 7-107-14754-4 | |
| 000 | 00596nam0 2200193 450 | |
| 001 | 0735257515 | |
| 005 | 20070904094737.51 | |
| 010 | @a7-107-14754-4 | |
| 100 | @a20070904d km y0chiy0120 ea | |
| 101 | 0 | @achi |
| 200 | 1 | @a班主任工作技能训练@Aban zhu ren gong zuo ji neng xun lian@f王鹰李鹰曹丞等@Fwang ying li ying cao cheng deng |
| 210 | @a北京@c人民教育出版社@d2001 | |
| 215 | @a365@c20.20@d19cm | |
| 606 | 0 | @a社会科学@x教育 |
| 606 | 0 | @a社会科学@x普及教育 |
| 690 | @aC4@v3 | |
| 701 | 0 | @a王鹰李鹰曹丞@Awang ying li ying cao cheng |
| 801 | 0 | @aCN@bPFT@c20070904 |
| 905 | @a213230@dC4@ea1@f1 | |
| 班主任工作技能训练/王鹰李鹰曹丞等.-北京:人民教育出版社,2001 |
| 365:20.20;19cm |
| ISBN 7-107-14754-4: |
| ● |
| 相关链接 |
|
|
|
|
正题名:班主任工作技能训练
索取号:C4/a1
 
预约/预借
| 序号 | 登录号 | 条形码 | 馆藏地/架位号 | 状态 | 备注 |
| 1 | 7500896 | 275008965 | 史法系资料室/ [索取号:C4/a1] | 在馆 |